000 00891nam a2200253Ia 4500
003 OSt
005 20221005113028.0
006 a|||||r|||| 00| 0
007 ta
008 221004b |||||||| |||| 00| 0 pan d
020 _a9789382455141 (hbk)
_c200
024 _a12012
037 _b832, 15/03/2014, H.K. Prakashan
_cTextual
040 _aCRL
_cCRL
_bpan
041 _2pan
_apan
082 _aO153,2N372x, Q3
100 _aਸਿੰਘ, ਰਵੇਲ, ਥਦ.
245 0 _aਅਖ਼ਗ਼ਲ ਅਹਿਸਨ ਰੰਧਾਵਾ ਦੇ ਨਾਟਕ
260 _aਦਿੱਲੀ
_bਪੰਜਾਬੀ ਅਕਾਦਮੀ ਭਾਰਤ
_c2013
300 _a91ਪੰ
_ccm.
650 _aਪੰਜਾਬੀ ਸਾਹਿਤ
942 _hO153,2N372x, Q3
_cTEXL
_2cc
999 _c1026816
_d1026816